000 01029cam a22002055a 4500
001 L137713
008 070425s2007 xxk f 000 0 eng d
035 _a(Sirsi) u137713
041 0 _aeng
245 0 0 _aLondon office market analysis
_bissue 1 Jan-Mar 2007
260 _c2007
490 0 _aEstates Gazette
_v(0716) 21 April 2007, 1-17(18)
490 0 _aLondon Office Market Analysis
_bissue 1 Jan-Mar 2007
520 _aDiscusses take up, supply, availability rates, asking rents and construction trends for various locations within London. Reports that take up in London was less than expected, although overall performance was better than in the first quarter of 2006. Tables show top London occupiers, the central London agents? market share league, agents market share by market, key transactions and summary statistics.
590 _aKA
650 2 4 _aESTATES GAZETTE LONDON OFFICES MARKET ANALYSIS
651 4 _aLONDON
690 _aPROPERTY-COMMERCIAL PROPERTY-OFFICE PROPERTY-OFFICE PROPERTY MARKET
942 _n0
999 _c78694
_d78694